Turkish foreign policy and Turkish identity (Registro nro. 171276)

Detalles MARC
000 -ENCABEZADO
Número de control [NR] 01194nam a22002537a 4500
005 - FECHA Y HORA DE LA ÚLTIMA TRANSACCIÓN
control field 20170117105521.0
008 - DE LONGITUD FIJA DE DATOS DE ELEMENTOS - INFORMACIÓN GENERAL
Elementos de longitud fija [NR] 130821s2003 xxu gr eng
020 ## - NUMERO INTERNACIONAL NORMALIZADO PARA LIBROS [R]
Número Internacional Normalizado del libro [NR] 041594600X
020 ## - NUMERO INTERNACIONAL NORMALIZADO PARA LIBROS [R]
Número Internacional Normalizado del libro [NR] 9780415946001
040 ## - FUENTE DE CATALOGACION [NR]
Agencia de catalogación original [NR] CO-BoUCM
Quien Cataloga Sandra Palacio (modificó)
Quien Clasifica Aldemar Mondragón (modificó)
Idioma de catalogación [NR] spa
041 00 - CODIGO DE IDIOMA [R]
Código de idioma para texto/pista de sonido o título separado [R] Inglés
100 1# - ASIENTO PRINCIPAL--NOMBRE PERSONAL [NR]
Nombre personal [NR] Bozdaglioglu, Yücel
ID Autoridad 41821
245 10 - MENCION DE TITULO [NR]
Título [NR] Turkish foreign policy and Turkish identity
Parte restante del título [NR] a constructivist approach
Mención de responsabilidad, etc. [NR] Yücel Bozdaglioglu
260 ## - PUBLICACION, DISTRIBUCION, ETC. (PIE DE IMPRENTA) [R]
Lugar de publicación, distribución, etc. [R] Nueva York (Estados Unidos)
Nombre del editor, distribuidor, etc. [R] Routledge
Fecha de publicación, distribución, etc. [R] 2003
300 ## - DESCRIPCION FISICA [R]
Extensión [R] vii, 224 páginas
490 0# - MENCION DE SERIE [R]
Mención de serie [R] Studies in International Relations
505 0# - NOTA DE CONTENIDO CON FORMATO PREESTABLECIDO [R]
Nota de contenido con formato preestablecido [NR] Literature review -- Modernization and the construction of Turkey's official identity -- Turkey and the West -- Identity crisis and Turkey's search for alternatives -- Turkey and the Muslim Middle East -- Turkey and Israel : the "outsiders" in the Middle East
650 17 - ASIENTO SECUNDARIO DE MATERIA - TERMINO TEMATICO [R]
Término temático o nombre geográfico como elemento de entrada [NR] Nacionalismo
Subdivisión geográfica [R] Turquía
Subdivisión cronológica [R] Siglo XX
9 (RLIN) 41801
651 #4 - ASIENTO SECUNDARIO DE MATERIA - NOMBRE GEOGRAFICO [R]
Nombre geográfico [NR] Turquía
Subdivisión general [R] Política y gobierno
9 (RLIN) 41858
651 #4 - ASIENTO SECUNDARIO DE MATERIA - NOMBRE GEOGRAFICO [R]
Nombre geográfico [NR] Turquía
Subdivisión general [R] Relaciones exteriores
Subdivisión cronológica [R] Siglo XX
9 (RLIN) 41804
690 ## - ASUNTO AGREGADO LOCAL DE ENTRADA - TÉRMINO TEMÁTICO (OCLC, RLIN)
Acceso temático local Ciencia política
9 (RLIN) 340
942 ## - ELEMENTOS DE ENTRADA AGREGADOS (KOHA)
Tipo de ítem principal el descrito en 300a Libro
Tema principal Ciencia política
Edición 1
Parte restante de la signatura top. B793t
Sistema de clasificación DEWEY
Clasificación 327.561
Existencias
Fecha de último préstamo Total préstamos Total Renewals Signatura topográfica Código de barras Última vez visto Ejemplar Costo de reposición Price effective from Tipo de ítem Perdido Sistema de clasificación Dañado No prestable Tipo de ítem específico Suprimido Ubicación habitual Ubicación actual Localización Fecha de creación Proveedor Forma de adquisición Costo
17/01/2019 24 38 327.561 B793t 100135651 06/06/2024 Ej.1 208517.00 30/07/2013 Libro   DEWEY     Libro   Bodega Bodega 3er piso 30/07/2013 15 Compra 232300.00
      327.561 B793t 100152153 06/06/2024 Ej.2 402398.00 13/01/2017 Libro   DEWEY     Libro   Bodega Bodega 3er piso 13/01/2017 15 Compra 402398.00